000 00204 a2200097 4500
001 9068
090 _c7247
_d7247
100 _aCowper, W
245 _aCowper poetry and prose (Transfered to SOA)
260 _bOxford
942 _aNUST-CAE
999 _c244141
_d244141